| 000 | 00959cab a22002535a 4500 | ||
|---|---|---|---|
| 001 | L154288 | ||
| 008 | 111109e20111105xxk 000 0 eng d | ||
| 035 | _a(Sirsi) u154288 | ||
| 041 | 0 | _aeng | |
| 100 | 1 | _aMorrison, Adrian | |
| 245 | 0 | 0 |
_aFocus _bindustrial |
| 260 | _c2011 | ||
| 490 |
_aEstates Gazette _v(1144) 5 November 2011, 65-74(8) |
||
| 520 | _aThe Western corridor which includes areas alongside the Thames Valley, West London boroughs and West as far as Wiltshire is the best-performing industrial market in the UK. Outlines plans to develop Wind Farms. The consolidation of operations and rise of e-commerce are driving a spate of industrial deals across the country. | ||
| 590 | _aKA | ||
| 651 | 4 | _aBuckinghamshire | |
| 651 | 4 | _aBERKSHIRE | |
| 651 | 4 | _aOxfordshire | |
| 651 | 4 | _aWILTSHIRE | |
| 651 | 4 | _aThames Valley | |
| 690 | _aPROPERTY-COMMERCIAL PROPERTY-COMMERCIAL PROPERTY MARKET | ||
| 700 | 1 | _aHarris, David | |
| 942 | _n0 | ||
| 999 |
_c83557 _d83557 |
||